000 01011cad a22002295a 4500
001 E147475
008 090514s2007 xxkao f 000 0 eng d
035 _a(Sirsi) u147475
041 0 _aeng
050 0 4 _a614.76 $2 18
110 2 _aScottish Environment Protection Agency
_93523
245 0 0 _aAgricultural waste
_h[electronic resource]
260 _a[Stirling]
_bSEPA
_c[2007]
520 _aOffers advice to farmers on dealing with waste following the Waste (Scotland) Regulations 2005, which were introduced on 21 January 2005. Highlights the main areas of interest, including agricultural waste production; manure and slurry; the burning of agricultural waste; and farm tips.
521 _aIntroductory
590 _aKA
650 2 4 _aWASTE (SCOTLAND) REGULATIONS 2005
651 4 _aScotland
_y1999-
690 _aENVIRONMENTAL AND LAND CONSULTANCY-WASTE MANAGEMENT
856 4 0 _uhttps://www.sepa.org.uk/land/land_publications.aspx
_zView the guide free of charge at www.sepa.org.uk...
942 _n0
999 _c109576
_d109576